• 首页
  • 本馆介绍
  • 公告通知
  • 最新文献
  • 馆藏检索
  • 电子资源
  • 读者导购
  • 参考咨询
  • 我的图书馆
  • 登录
  • 详细信息显示
  • 放入我的书架
  • 预约/预借图书
  • 作者相关作品
  • 分类相关作品
  • 丛书相关作品
  • 出版社相关作品

书目信息

  • 表格格式
  • 工作单格式
  • 卡片格式
题名:
评孙冶方的经济理论
    
 
作者: ;中国社会科学院经济研究所学术资料室 编
分册:  
出版信息: 北京   经济科学出版社  1984
页数: 416页
开本: 21cm
丛书名:
单 册:
中图分类: F092.7
科图分类:
主题词: 经济思想-孙冶方--研究
电子资源:
ISBN:
000 00805nam0 2200253 45
001 0184013307
005 20040425095456.3
010    @dCNY2.20
091    @a4312.33
100    @a19950510d1984 emky0chiy0121 ea
101 0  @achi
102    @aCN@b110000
105    @af rz 000yy
106    @ar
200 10 @a评孙冶方的经济理论@Aping sun ye fang de jing ji li lun@f中国社会科学院经济研究所学术资料室编
210    @a北京@c经济科学出版社@d1984
215    @a416页@c照片@d21cm
600  0 @a孙冶方-经济思想@x研究
606    @a经济思想-孙冶方@x研究
690    @aF092.7@v3
711 02 @a中国社会科学院经济研究所学术资料室@Azhong guo she hui ke xue yuan jing ji yan jiu suo xue shu zi liao shi@4编
801  0 @aCN@b上海图书馆@c20040425
801  2 @aCN@bNLC@c20040425
905    @f2@b132507-508@dF092.7@e11
    
    评孙冶方的经济理论/中国社会科学院经济研究所学术资料室编.-北京:经济科学出版社,1984
    416页:照片;21cm
    
    
    ISBN :CNY2.20
    
●
相关链接 在E读中查询图书 在五车中查询图书 在当当中查询图书 在豆瓣中查询图书


正题名:评孙冶方的经济理论     索取号:F092.7/11         预约/预借

序号 登录号 条形码 馆藏地/架位号 状态 备注
1 0132507   000194578   密集书库/ [索取号:F092.7/11] 在馆    
2 0132508   000194569   第一借阅区/ [索取号:F092.7/11] 在馆    
3 0132509   000194587   第一样本阅览室/ [索取号:F092.7/11] 在馆    
唐山师范学院图书馆 欢迎您!
大连网信软件有限公司© 版权所有